|
|
|
|
| LEADER |
00768naa a2200181 i 4500 |
| 001 |
acta64118 |
| 005 |
20260224081030.0 |
| 008 |
200120s2006 hu o 000 fre d |
| 020 |
|
|
|a 963 86996 1 2
|
| 040 |
|
|
|a SZTE Egyetemi Kiadványok Repozitórium
|b hun
|
| 041 |
|
|
|a fre
|
| 100 |
1 |
|
|a Kövér Lajos
|
| 245 |
1 |
0 |
|a Regards sur la Hongrie du XVIIIе siécle
|h [elektronikus dokumentum] :
|b le diplomate, l'émigré et le prisonnier /
|c Kövér Lajos
|
| 260 |
|
|
|c 2006
|
| 300 |
|
|
|a 209-218
|
| 490 |
0 |
|
|a "Prismes irisés" : textes recueillis sur les littératures classiques et modernes pour Olga Penke qui fête ses soixante années
|
| 695 |
|
|
|a Francia irodalom története - 18. sz.
|
| 856 |
4 |
0 |
|u http://acta.bibl.u-szeged.hu/64118/1/prismes_irises_209-218.pdf
|z Dokumentum-elérés
|